Problems linear algebra. (Record no. 180068)

MARC details
000 -LEADER
fixed length control field 00406nam a2200169Ia 4500
008 - FIXED-LENGTH DATA ELEMENTS--GENERAL INFORMATION
fixed length control field 210707s1978 xx 000 0 und d
041 ## - LANGUAGE CODE
Language code of text/sound track or separate title eng
082 ## - DEWEY DECIMAL CLASSIFICATION NUMBER
Classification number 512.5 PROP
100 ## - MAIN ENTRY--PERSONAL NAME
Personal name PROSKUYAKOV (I V)
245 ## - TITLE STATEMENT
Title Problems linear algebra.
260 ## - PUBLICATION, DISTRIBUTION, ETC.
Place of publication, distribution, etc. Moscow
Name of publisher, distributor, etc. Mir Publishers
Date of publication, distribution, etc. 1978
300 ## - PHYSICAL DESCRIPTION
Extent 453 p
365 ## - TRADE PRICE
Price amount 15
Currency code INR
563 ## - BINDING INFORMATION
Binding note HB
650 ## - SUBJECT ADDED ENTRY--TOPICAL TERM
Topical term or geographic name entry element Algebra
906 ## - LOCAL DATA ELEMENT F, LDF (RLIN)
a Linear algebra problems
Holdings
Withdrawn status Lost status Damaged status Not for loan Collection code Home library Current library Date acquired Cost, normal purchase price Total Checkouts Full call number Barcode Date last seen Price effective from Koha item type
          St Aloysius Library St Aloysius Library 01/09/2001 15.00   512.5 PROP BB03969 07/08/2021 07/08/2021 Book Bank